Digitalität und Privatheit : Kulturelle, politisch-rechtliche und soziale Perspektiven.

Bibliographic Details
Main Author: Aldenhoff, Christian.
Other Authors: Edeler, Lukas., Hennig, Martin., Kelsch, Jakob., Raabe, Lea., Sobala, Felix.
Format: eBook
Language:German
Published: Bielefeld : transcript, 2019.
Edition:1st ed.
Series:Digitale Gesellschaft
Subjects:
Online Access:Click to View
LEADER 03014nam a22004453i 4500
001 EBC6956049
003 MiAaPQ
005 20231204023223.0
006 m o d |
007 cr cnu||||||||
008 231204s2019 xx o ||||0 ger d
020 |a 9783839446614  |q (electronic bk.) 
020 |z 9783837646610 
035 |a (MiAaPQ)EBC6956049 
035 |a (Au-PeEL)EBL6956049 
035 |a (OCoLC)1110718867 
040 |a MiAaPQ  |b eng  |e rda  |e pn  |c MiAaPQ  |d MiAaPQ 
100 1 |a Aldenhoff, Christian. 
245 1 0 |a Digitalität und Privatheit :  |b Kulturelle, politisch-rechtliche und soziale Perspektiven. 
250 |a 1st ed. 
264 1 |a Bielefeld :  |b transcript,  |c 2019. 
264 4 |c {copy}2019. 
300 |a 1 online resource (407 pages) 
336 |a text  |b txt  |2 rdacontent 
337 |a computer  |b c  |2 rdamedia 
338 |a online resource  |b cr  |2 rdacarrier 
490 1 |a Digitale Gesellschaft 
505 0 |a Cover -- Inhalt -- Verzeichnis der verwendeten Gesetze -- ›Smarte Diktatur‹ oder ›egalitäre Netzgemeinschaft‹? -- Sektion 1: Politisch-rechtliche Diskurse -- Einleitung -- Legitimation von Datenverarbeitung via AGB? -- Schutz der (digitalen) Privatsphäre als Staatsaufgabe? -- Technologisierung der Lebenskunst - Subjektivierung und Digitalitāt -- Persōnlichkeitsschutz im digitalen Umfeld in Zeiten der Mehrebenenregulierung -- Sektion 2: Zwischen Öffentlichkeit, Privatheit und Privatisierung - soziale Kollektive im Netz -- Einleitung -- Reflexionen zu einem social turn in den privacy studies -- Unsocial Bots - Eine Gefahr für die Autonomie des Gesellschaftssystems -- Die Kommentarspalten des Online-Magazins COMPACT als privatisierte Echokammer -- Connecting the Dots -- Sektion 3: Mediale Formen und Verhandlungen von Privatheit in Zeiten der Digitalisierung -- Einleitung -- Reader Analytics: Vom privaten zum öffentlichen Lesen? -- Aushandlung und Inszenierung des Privaten in room tour-Videos -- »Ich erfinde nichts, ist alles, was ich sagen kann« -- 'GRWM': Modes of Aesthetic Observance, Surveillance, and Subversion on YouTube -- »The Glass Room« - Privatheit in digitalen Kunstprojekten -- »Transparente Individuen im intransparenten System« -- Anhang -- Autor/en/innen und Herausgeber/in. 
588 |a Description based on publisher supplied metadata and other sources. 
590 |a Electronic reproduction. Ann Arbor, Michigan : ProQuest Ebook Central, 2023. Available via World Wide Web. Access may be limited to ProQuest Ebook Central affiliated libraries.  
655 4 |a Electronic books. 
700 1 |a Edeler, Lukas. 
700 1 |a Hennig, Martin. 
700 1 |a Kelsch, Jakob. 
700 1 |a Raabe, Lea. 
700 1 |a Sobala, Felix. 
776 0 8 |i Print version:  |a Aldenhoff, Christian  |t Digitalität und Privatheit  |d Bielefeld : transcript,c2019  |z 9783837646610 
797 2 |a ProQuest (Firm) 
830 0 |a Digitale Gesellschaft 
856 4 0 |u https://ebookcentral.proquest.com/lib/matrademy/detail.action?docID=6956049  |z Click to View